[Event "World Chess Olympiad 2018"]
[Site "Batumi"]
[Date "2018.10.03"]
[Round "9"]
[Board "4"]
[WhiteFideId "10602771"]
[White "Sadek Sameh"]
[BlackFideId "14608502"]
[Black "Markoja Boris"]
[Result "1/2-1/2"]
[LiveChessVersion "1.4.8"]
[BlackElo "2456"]
[WhiteElo "2331"]

1. d4 {[%clk 1:30:56]} Nf6 {[%clk 1:30:54]} 2. Nf3 {[%clk 1:31:21]} c5
{[%clk 1:30:22]} 3. d5 {[%clk 1:31:48]} e6 {[%clk 1:30:42]} 4. c4
{[%clk 1:32:17]} exd5 {[%clk 1:31:06]} 5. cxd5 {[%clk 1:32:44]} d6
{[%clk 1:31:25]} 6. Nc3 {[%clk 1:33:00]} g6 {[%clk 1:31:47]} 7. e4
{[%clk 1:33:21]} Bg7 {[%clk 1:31:51]} 8. h3 {[%clk 1:32:53]} O-O {[%clk 1:31:41]}
9. Bd3 {[%clk 1:33:17]} b5 {[%clk 1:23:56]} 10. Nxb5 {[%clk 1:32:16]} Re8
{[%clk 1:23:31]} 11. O-O {[%clk 1:22:19]} Nxe4 {[%clk 1:22:12]} 12. Re1
{[%clk 1:19:28]} a6 {[%clk 1:22:00]} 13. Na3 {[%clk 1:17:48]} Nf6
{[%clk 1:21:42]} 14. Rxe8+ {[%clk 1:11:43]} Nxe8 {[%clk 1:21:52]} 15. Bg5
{[%clk 1:04:16]} Qc7 {[%clk 1:20:36]} 16. Qe2 {[%clk 0:57:20]} Nf6
{[%clk 1:19:08]} 17. Bc4 {[%clk 0:50:55]} Nbd7 {[%clk 1:16:01]} 18. Rd1
{[%clk 0:43:55]} Bb7 {[%clk 1:14:14]} 19. Nb1 {[%clk 0:37:29]} Re8
{[%clk 1:10:01]} 20. Qd3 {[%clk 0:33:23]} Nb6 {[%clk 0:58:46]} 21. Nc3
{[%clk 0:32:54]} Bc8 {[%clk 0:54:56]} 22. Qf1 {[%clk 0:24:51]} Qb7
{[%clk 0:31:58]} 23. b3 {[%clk 0:20:32]} Nxc4 {[%clk 0:31:21]} 24. Qxc4
{[%clk 0:17:10]} Nd7 {[%clk 0:28:09]} 25. Ne4 {[%clk 0:15:50]} Qc7
{[%clk 0:25:16]} 26. Qa4 {[%clk 0:12:53]} f5 {[%clk 0:23:23]} 27. Ned2
{[%clk 0:13:06]} h6 {[%clk 0:20:02]} 28. Be3 {[%clk 0:13:29]} Nf6
{[%clk 0:16:22]} 29. Nc4 {[%clk 0:13:30]} Bb7 {[%clk 0:14:52]} 30. Bd2
{[%clk 0:13:02]} Re2 {[%clk 0:12:44]} 31. Ne3 {[%clk 0:08:20]} 1/2-1/2

[Event "World Chess Olympiad 2018"]
[Site "Batumi"]
[Date "2018.10.03"]
[Round "9"]
[Board "1"]
[WhiteFideId "13702661"]
[White "Jumabayev Rinat"]
[BlackFideId "14001101"]
[Black "Atabayev Maksat"]
[Result "1/2-1/2"]
[LiveChessVersion "1.4.8"]
[BlackElo "2505"]
[WhiteElo "2605"]

1. e4 {[%clk 1:31:00]} c5 {[%clk 1:30:13]} 2. Nf3 {[%clk 1:31:03]} Nc6
{[%clk 1:29:34]} 3. Bb5 {[%clk 1:29:45]} g6 {[%clk 1:29:15]} 4. Bxc6
{[%clk 1:29:20]} bxc6 {[%clk 1:28:55]} 5. O-O {[%clk 1:29:44]} Bg7
{[%clk 1:29:20]} 6. Re1 {[%clk 1:30:01]} Nh6 {[%clk 1:29:20]} 7. h3
{[%clk 1:29:38]} O-O {[%clk 1:28:59]} 8. c3 {[%clk 1:29:57]} f6 {[%clk 1:28:07]}
9. d4 {[%clk 1:29:13]} cxd4 {[%clk 1:28:25]} 10. cxd4 {[%clk 1:29:38]} d6
{[%clk 1:28:38]} 11. Qc2 {[%clk 1:28:47]} Bd7 {[%clk 1:28:39]} 12. Be3
{[%clk 1:24:53]} Nf7 {[%clk 1:28:59]} 13. Nbd2 {[%clk 1:25:02]} Qa5
{[%clk 1:26:55]} 14. b3 {[%clk 1:20:17]} Rac8 {[%clk 1:20:27]} 15. Rac1
{[%clk 1:20:02]} Qb5 {[%clk 1:15:16]} 16. a4 {[%clk 1:18:52]} Qb7
{[%clk 1:15:28]} 17. Qd3 {[%clk 1:13:29]} d5 {[%clk 1:10:38]} 18. Rc5
{[%clk 0:54:02]} Be6 {[%clk 1:09:17]} 19. Bf4 {[%clk 0:52:53]} Nd6
{[%clk 0:57:39]} 20. e5 {[%clk 0:51:39]} Ne4 {[%clk 0:57:09]} 21. Rcc1
{[%clk 0:38:05]} g5 {[%clk 0:52:16]} 22. Be3 {[%clk 0:37:43]} h6 {[%clk 0:47:18]}
23. Nh2 {[%clk 0:27:11]} fxe5 {[%clk 0:37:10]} 24. dxe5 {[%clk 0:27:25]} Nxd2
{[%clk 0:37:19]} 25. Qxd2 {[%clk 0:27:52]} Qxb3 {[%clk 0:37:40]} 26. a5
{[%clk 0:28:15]} Qb7 {[%clk 0:32:50]} 27. h4 {[%clk 0:20:52]} c5 {[%clk 0:32:53]}
28. Bxc5 {[%clk 0:17:51]} gxh4 {[%clk 0:33:07]} 29. Nf3 {[%clk 0:17:16]} h3
{[%clk 0:26:32]} 30. Nd4 {[%clk 0:17:37]} Qd7 {[%clk 0:26:51]} 31. g3
{[%clk 0:17:48]} a6 {[%clk 0:26:13]} 32. Qe2 {[%clk 0:11:32]} Ra8
{[%clk 0:25:22]} 33. Bb6 {[%clk 0:10:58]} Rac8 {[%clk 0:24:28]} 34. Bc5
{[%clk 0:10:30]} Ra8 {[%clk 0:24:40]} 35. Kh2 {[%clk 0:07:43]} Bf5
{[%clk 0:24:04]} 36. e6 {[%clk 0:06:22]} Qa4 {[%clk 0:23:15]} 37. Nxf5
{[%clk 0:05:34]} Rxf5 {[%clk 0:23:42]} 38. Bxe7 {[%clk 0:05:51]} Re8
{[%clk 0:23:05]} 39. Bc5 {[%clk 0:04:33]} d4 {[%clk 0:23:00]} 40. Bb6
{[%clk 0:31:09]} Qb3 {[%clk 0:50:10]} 41. Rcd1 {[%clk 0:14:53]} Re5
{[%clk 0:27:52]} 42. Qxa6 {[%clk 0:11:22]} Rf8 {[%clk 0:24:34]} 43. Qf1
{[%clk 0:05:45]} Qc2 {[%clk 0:24:48]} 44. Bxd4 {[%clk 0:04:11]} Rxe1
{[%clk 0:25:12]} 45. Qxe1 {[%clk 0:03:21]} Bxd4 {[%clk 0:25:39]} 46. Rd2
{[%clk 0:00:59]} Qxd2 {[%clk 0:13:58]} 47. Qxd2 {[%clk 0:01:24]} Rxf2+
{[%clk 0:14:24]} 48. Qxf2 {[%clk 0:01:49]} Bxf2 {[%clk 0:14:48]} 49. Kxh3
{[%clk 0:02:09]} 1/2-1/2

[Event "World Chess Olympiad 2018"]
[Site "Batumi"]
[Date "2018.10.03"]
[Round "9"]
[Board "2"]
[WhiteFideId "14000571"]
[White "Atabayev Saparmyrat"]
[BlackFideId "13700316"]
[Black "Kazhgaleyev Murtas"]
[Result "0-1"]
[LiveChessVersion "1.4.8"]
[BlackElo "2582"]
[WhiteElo "2443"]

1. d4 {[%clk 1:30:55]} Nf6 {[%clk 1:30:55]} 2. c4 {[%clk 1:31:16]} e6
{[%clk 1:31:20]} 3. Nc3 {[%clk 1:31:33]} d5 {[%clk 1:31:20]} 4. Nf3
{[%clk 1:31:06]} Be7 {[%clk 1:31:25]} 5. Bg5 {[%clk 1:30:54]} h6 {[%clk 1:31:24]}
6. Bxf6 {[%clk 1:29:45]} Bxf6 {[%clk 1:31:47]} 7. e3 {[%clk 1:30:02]} O-O
{[%clk 1:31:53]} 8. Qc2 {[%clk 1:26:05]} c6 {[%clk 1:28:20]} 9. h4
{[%clk 1:18:21]} g6 {[%clk 1:27:23]} 10. O-O-O {[%clk 1:17:38]} Nd7
{[%clk 1:24:22]} 11. g4 {[%clk 1:08:48]} Bg7 {[%clk 1:24:37]} 12. g5
{[%clk 1:07:22]} h5 {[%clk 1:24:41]} 13. Kb1 {[%clk 1:07:10]} Qe7
{[%clk 1:21:29]} 14. e4 {[%clk 0:58:29]} dxc4 {[%clk 1:15:42]} 15. Bxc4
{[%clk 0:57:30]} b5 {[%clk 1:12:36]} 16. Bd3 {[%clk 0:55:57]} c5 {[%clk 1:07:56]}
17. Bxb5 {[%clk 0:50:27]} Rb8 {[%clk 1:06:57]} 18. Rhe1 {[%clk 0:46:04]} Nb6
{[%clk 0:54:20]} 19. e5 {[%clk 0:39:56]} Bb7 {[%clk 0:53:15]} 20. Ne4
{[%clk 0:39:26]} Rfc8 {[%clk 0:48:42]} 21. Nf6+ {[%clk 0:30:22]} Kh8
{[%clk 0:47:34]} 22. d5 {[%clk 0:29:25]} Bxd5 {[%clk 0:41:34]} 23. Nxd5
{[%clk 0:24:53]} exd5 {[%clk 0:41:30]} 24. Re2 {[%clk 0:16:48]} Na8
{[%clk 0:35:49]} 25. Bd3 {[%clk 0:14:04]} Rb6 {[%clk 0:32:47]} 26. Qc1
{[%clk 0:13:58]} c4 {[%clk 0:30:32]} 27. Ka1 {[%clk 0:14:08]} Nc7
{[%clk 0:27:42]} 28. Bb1 {[%clk 0:14:33]} Rcb8 {[%clk 0:22:50]} 29. Nd4
{[%clk 0:12:52]} Ne6 {[%clk 0:17:35]} 30. f4 {[%clk 0:10:49]} Nxd4
{[%clk 0:13:38]} 31. Rxd4 {[%clk 0:11:16]} Qb7 {[%clk 0:13:27]} 32. f5
{[%clk 0:09:29]} Qa6 {[%clk 0:11:55]} 33. f6 {[%clk 0:04:23]} Bf8
{[%clk 0:10:55]} 34. Rg2 {[%clk 0:02:27]} Ba3 {[%clk 0:08:50]} 35. Rdd2
{[%clk 0:02:09]} d4 {[%clk 0:08:45]} 36. Qf1 {[%clk 0:01:03]} Qb7
{[%clk 0:06:25]} 37. b3 {[%clk 0:00:35]} cxb3 {[%clk 0:06:41]} 38. axb3
{[%clk 0:00:56]} Rxb3 {[%clk 0:06:48]} 39. Ba2 {[%clk 0:01:18]} Bb2+
{[%clk 0:06:35]} 40. Kb1 {[%clk 0:31:40]} Bc3+ {[%clk 0:36:21]} 0-1

[Event "World Chess Olympiad 2018"]
[Site "Batumi"]
[Date "2018.10.03"]
[Round "9"]
[Board "3"]
[WhiteFideId "13700669"]
[White "Kostenko Petr"]
[BlackFideId "14003937"]
[Black "Nurmamedov Azat"]
[Result "1-0"]
[LiveChessVersion "1.4.8"]
[BlackElo "2349"]
[WhiteElo "2459"]

1. Nf3 {[%clk 1:30:47]} d5 {[%clk 1:29:41]} 2. e3 {[%clk 1:30:50]} Nf6
{[%clk 1:28:17]} 3. c4 {[%clk 1:31:00]} c6 {[%clk 1:27:43]} 4. Nc3
{[%clk 1:27:07]} g6 {[%clk 1:25:06]} 5. d4 {[%clk 1:21:57]} Bg7 {[%clk 1:24:36]}
6. Bd3 {[%clk 1:20:28]} O-O {[%clk 1:24:05]} 7. O-O {[%clk 1:20:52]} Nbd7
{[%clk 1:13:23]} 8. cxd5 {[%clk 1:12:53]} Nxd5 {[%clk 1:12:48]} 9. Nxd5
{[%clk 1:05:29]} cxd5 {[%clk 1:13:17]} 10. Qb3 {[%clk 1:05:15]} Nb6
{[%clk 1:03:18]} 11. Bd2 {[%clk 1:05:24]} Bf5 {[%clk 1:01:29]} 12. Bxf5
{[%clk 1:04:59]} gxf5 {[%clk 1:01:58]} 13. Ba5 {[%clk 1:05:11]} Qd6
{[%clk 0:59:14]} 14. Bxb6 {[%clk 0:44:10]} axb6 {[%clk 0:59:22]} 15. Rfc1
{[%clk 0:44:15]} Rfc8 {[%clk 0:59:15]} 16. g3 {[%clk 0:44:30]} Rc6
{[%clk 0:57:55]} 17. Rc3 {[%clk 0:44:23]} Rxc3 {[%clk 0:48:51]} 18. Qxc3
{[%clk 0:40:58]} Qc6 {[%clk 0:35:39]} 19. Rc1 {[%clk 0:38:54]} Rc8
{[%clk 0:35:46]} 20. a4 {[%clk 0:38:59]} Kf8 {[%clk 0:29:53]} 21. Ne1
{[%clk 0:32:18]} Ke8 {[%clk 0:26:50]} 22. Nd3 {[%clk 0:32:26]} Qxc3
{[%clk 0:27:05]} 23. Rxc3 {[%clk 0:32:22]} Rxc3 {[%clk 0:25:00]} 24. bxc3
{[%clk 0:32:48]} Kd7 {[%clk 0:25:27]} 25. Kf1 {[%clk 0:31:46]} Kc7
{[%clk 0:12:26]} 26. Ke2 {[%clk 0:31:36]} e6 {[%clk 0:11:22]} 27. Kd2
{[%clk 0:31:55]} Bf6 {[%clk 0:10:59]} 28. Kc2 {[%clk 0:28:38]} b5
{[%clk 0:10:54]} 29. a5 {[%clk 0:25:21]} Be7 {[%clk 0:10:35]} 30. Kb3
{[%clk 0:25:25]} Bd6 {[%clk 0:10:36]} 31. Ne5 {[%clk 0:14:18]} f6
{[%clk 0:10:28]} 32. Nd3 {[%clk 0:13:41]} Kc6 {[%clk 0:10:05]} 33. Nf4
{[%clk 0:11:23]} Kd7 {[%clk 0:10:26]} 34. f3 {[%clk 0:08:55]} Bf8
{[%clk 0:07:39]} 35. Nh5 {[%clk 0:08:01]} Be7 {[%clk 0:07:53]} 36. h3
{[%clk 0:07:42]} Kc6 {[%clk 0:07:15]} 37. Ng7 {[%clk 0:05:54]} Kd7
{[%clk 0:07:42]} 38. g4 {[%clk 0:04:58]} fxg4 {[%clk 0:08:06]} 39. hxg4
{[%clk 0:04:22]} Bf8 {[%clk 0:06:56]} 40. Nh5 {[%clk 0:34:45]} Be7
{[%clk 0:37:25]} 41. e4 {[%clk 0:31:55]} dxe4 {[%clk 0:24:58]} 42. fxe4
{[%clk 0:32:20]} Kc6 {[%clk 0:25:00]} 43. Nf4 {[%clk 0:25:19]} Kd7
{[%clk 0:24:50]} 44. Nd3 {[%clk 0:20:17]} Kc6 {[%clk 0:21:16]} 45. c4
{[%clk 0:12:22]} bxc4+ {[%clk 0:12:22]} 46. Kxc4 {[%clk 0:12:46]} Bd8
{[%clk 0:08:51]} 47. d5+ {[%clk 0:07:48]} exd5+ {[%clk 0:09:16]} 48. exd5+
{[%clk 0:08:15]} Kd7 {[%clk 0:09:20]} 49. Nc5+ {[%clk 0:08:37]} Kc8
{[%clk 0:09:47]} 50. Kb5 {[%clk 0:08:41]} Bc7 {[%clk 0:08:54]} 51. Ne6
{[%clk 0:07:41]} Bg3 {[%clk 0:08:15]} 52. Nf8 {[%clk 0:07:28]} h6
{[%clk 0:06:14]} 53. Ne6 {[%clk 0:07:47]} Bf2 {[%clk 0:04:23]} 54. Ng7
{[%clk 0:05:39]} Kd7 {[%clk 0:03:57]} 55. Nf5 {[%clk 0:05:57]} Be1
{[%clk 0:04:13]} 56. Kb6 {[%clk 0:05:05]} Bb4 {[%clk 0:04:10]} 57. Kxb7
{[%clk 0:03:27]} Bxa5 {[%clk 0:04:31]} 58. Ka6 {[%clk 0:03:53]} Bd2
{[%clk 0:04:38]} 59. Kb5 {[%clk 0:04:20]} Bf4 {[%clk 0:04:45]} 60. Kc5
{[%clk 0:04:33]} Bc1 {[%clk 0:04:48]} 61. Kd4 {[%clk 0:04:15]} Bf4
{[%clk 0:04:43]} 62. Ke4 {[%clk 0:03:59]} Bc1 {[%clk 0:04:19]} 63. Kd4
{[%clk 0:03:53]} Bf4 {[%clk 0:04:39]} 64. Ne3 {[%clk 0:03:32]} Bg5
{[%clk 0:02:21]} 65. Nc4 {[%clk 0:03:25]} Bf4 {[%clk 0:02:27]} 66. Kc5
{[%clk 0:02:28]} Bg3 {[%clk 0:01:55]} 67. Nd2 {[%clk 0:01:59]} Bf4
{[%clk 0:02:00]} 68. Ne4 {[%clk 0:01:33]} Be5 {[%clk 0:02:28]} 69. Kc4
{[%clk 0:01:56]} Ke7 {[%clk 0:02:22]} 70. Kb5 {[%clk 0:02:09]} f5
{[%clk 0:00:40]} 71. gxf5 {[%clk 0:02:28]} h5 {[%clk 0:01:05]} 72. Kc6
{[%clk 0:02:21]} h4 {[%clk 0:01:01]} 73. f6+ {[%clk 0:01:33]} Bxf6
{[%clk 0:00:32]} 74. d6+ {[%clk 0:01:47]} Kd8 {[%clk 0:00:42]} 75. Nxf6
{[%clk 0:02:11]} h3 {[%clk 0:01:05]} 76. Ng4 {[%clk 0:02:36]} Kc8
{[%clk 0:01:04]} 77. d7+ {[%clk 0:02:27]} Kd8 {[%clk 0:01:28]} 78. Kd6
{[%clk 0:02:18]} h2 {[%clk 0:01:54]} 79. Ne5 {[%clk 0:02:41]} 1-0

[Event "World Chess Olympiad 2018"]
[Site "Batumi"]
[Date "2018.10.03"]
[Round "9"]
[Board "4"]
[WhiteFideId "14001128"]
[White "Atabayev Yusup"]
[BlackFideId "13707647"]
[Black "Makhnev Denis"]
[Result "1/2-1/2"]
[LiveChessVersion "1.4.8"]
[BlackElo "2449"]
[WhiteElo "2411"]

1. e4 {[%clk 1:30:44]} e5 {[%clk 1:30:46]} 2. Nf3 {[%clk 1:31:07]} Nc6
{[%clk 1:31:08]} 3. Bc4 {[%clk 1:29:52]} Bc5 {[%clk 1:31:28]} 4. O-O
{[%clk 1:29:25]} Nf6 {[%clk 1:31:49]} 5. d3 {[%clk 1:29:13]} a6 {[%clk 1:31:59]}
6. a4 {[%clk 1:29:02]} d6 {[%clk 1:32:09]} 7. h3 {[%clk 1:28:51]} Ba7
{[%clk 1:30:32]} 8. c3 {[%clk 1:28:50]} O-O {[%clk 1:24:58]} 9. Nbd2
{[%clk 1:23:44]} Kh8 {[%clk 1:25:06]} 10. Re1 {[%clk 1:21:49]} Ng8
{[%clk 1:22:24]} 11. Nf1 {[%clk 1:21:22]} f5 {[%clk 1:21:52]} 12. exf5
{[%clk 1:17:25]} Bxf5 {[%clk 1:22:10]} 13. Be3 {[%clk 1:10:46]} Qf6
{[%clk 1:02:50]} 14. N1h2 {[%clk 1:02:22]} Bxe3 {[%clk 0:51:55]} 15. Rxe3
{[%clk 1:00:04]} Nge7 {[%clk 0:51:44]} 16. Ng4 {[%clk 0:48:01]} Bxg4
{[%clk 0:51:49]} 17. hxg4 {[%clk 0:48:27]} Qg6 {[%clk 0:43:11]} 18. Nh4
{[%clk 0:46:33]} Qg5 {[%clk 0:39:57]} 19. g3 {[%clk 0:46:32]} Rf6
{[%clk 0:28:29]} 20. Qe2 {[%clk 0:46:00]} Raf8 {[%clk 0:26:35]} 21. Rf1
{[%clk 0:45:58]} Rh6 {[%clk 0:20:38]} 22. Rf3 {[%clk 0:44:09]} Rxf3
{[%clk 0:17:37]} 23. Qxf3 {[%clk 0:43:50]} Rf6 {[%clk 0:18:04]} 24. Qe2
{[%clk 0:42:54]} Rf8 {[%clk 0:13:34]} 25. Ng2 {[%clk 0:41:35]} d5
{[%clk 0:12:29]} 26. Bb3 {[%clk 0:40:55]} Qf6 {[%clk 0:10:42]} 27. f4
{[%clk 0:34:03]} g6 {[%clk 0:07:15]} 28. Ne3 {[%clk 0:30:53]} Rd8
{[%clk 0:07:35]} 29. Nd1 {[%clk 0:26:19]} g5 {[%clk 0:05:50]} 30. fxe5
{[%clk 0:23:35]} Qxe5 {[%clk 0:06:16]} 31. Qxe5+ {[%clk 0:21:49]} Nxe5
{[%clk 0:06:42]} 32. d4 {[%clk 0:22:15]} Nxg4 {[%clk 0:05:52]} 33. Rf7
{[%clk 0:22:37]} Re8 {[%clk 0:06:16]} 34. Bc2 {[%clk 0:22:21]} h6
{[%clk 0:03:49]} 35. Nf2 {[%clk 0:21:25]} Kg8 {[%clk 0:02:51]} 36. Rh7
{[%clk 0:16:59]} Ne3 {[%clk 0:01:43]} 37. Bd3 {[%clk 0:17:26]} N3f5
{[%clk 0:02:09]} 38. Bxf5 {[%clk 0:17:52]} Nxf5 {[%clk 0:02:36]} 39. Rxc7
{[%clk 0:18:18]} Re1+ {[%clk 0:01:46]} 40. Kg2 {[%clk 0:48:15]} Re2
{[%clk 0:32:12]} 41. Kf3 {[%clk 0:45:54]} Rxb2 {[%clk 0:28:13]} 42. Ng4
{[%clk 0:46:00]} Rb6 {[%clk 0:25:30]} 43. Ne5 {[%clk 0:43:30]} Rf6
{[%clk 0:22:45]} 44. Kg4 {[%clk 0:43:20]} Ne3+ {[%clk 0:22:50]} 45. Kh5
{[%clk 0:43:44]} Nf5 {[%clk 0:20:47]} 46. Nd7 {[%clk 0:39:49]} Rd6
{[%clk 0:14:15]} 47. Kg4 {[%clk 0:37:45]} Ne3+ {[%clk 0:14:37]} 48. Kf3
{[%clk 0:37:32]} Nd1 {[%clk 0:11:24]} 49. Ne5 {[%clk 0:36:13]} b6
{[%clk 0:11:49]} 50. Kg4 {[%clk 0:35:02]} Ne3+ {[%clk 0:12:17]} 51. Kh5
{[%clk 0:35:00]} Nf5 {[%clk 0:12:42]} 52. Ng6 {[%clk 0:32:36]} g4
{[%clk 0:13:10]} 53. Kxg4 {[%clk 0:28:45]} Rxg6+ {[%clk 0:13:10]} 54. Kxf5
{[%clk 0:29:11]} Rxg3 {[%clk 0:13:36]} 55. Rc6 {[%clk 0:28:31]} h5
{[%clk 0:12:14]} 56. Rxb6 {[%clk 0:27:42]} h4 {[%clk 0:11:12]} 57. Rxa6
{[%clk 0:27:20]} Rxc3 {[%clk 0:11:25]} 58. Rh6 {[%clk 0:22:47]} h3
{[%clk 0:11:24]} 59. a5 {[%clk 0:22:43]} Kg7 {[%clk 0:10:27]} 60. Rh4
{[%clk 0:21:31]} Ra3 {[%clk 0:04:37]} 61. a6 {[%clk 0:21:50]} Rxa6
{[%clk 0:04:55]} 62. Rxh3 {[%clk 0:22:15]} Kf7 {[%clk 0:05:09]} 63. Ke5
{[%clk 0:22:25]} Ke7 {[%clk 0:03:57]} 64. Rh7+ {[%clk 0:22:50]} Kd8
{[%clk 0:04:24]} 65. Kxd5 {[%clk 0:23:14]} Ra5+ {[%clk 0:04:37]} 66. Ke6
{[%clk 0:23:32]} Ra6+ {[%clk 0:05:04]} 67. Ke5 {[%clk 0:23:58]} Ra5+
{[%clk 0:05:17]} 68. d5 {[%clk 0:24:15]} Ra6 {[%clk 0:05:41]} 69. Rf7
{[%clk 0:24:11]} Rb6 {[%clk 0:05:39]} 70. Kd4 {[%clk 0:24:18]} Ra6
{[%clk 0:05:50]} 71. Kc5 {[%clk 0:24:26]} Rg6 {[%clk 0:06:17]} 72. Rf8+
{[%clk 0:24:23]} Kd7 {[%clk 0:06:43]} 73. Rh8 {[%clk 0:24:47]} Rf6
{[%clk 0:07:04]} 74. Ra8 {[%clk 0:24:31]} Rg6 {[%clk 0:07:28]} 75. Ra7+
{[%clk 0:24:30]} Kd8 {[%clk 0:07:53]} 76. Rb7 {[%clk 0:24:56]} Rh6
{[%clk 0:08:19]} 77. Rb6 {[%clk 0:25:17]} Rxb6 {[%clk 0:08:39]} 78. Kxb6
{[%clk 0:25:42]} Kd7 {[%clk 0:09:06]} 79. d6 {[%clk 0:26:05]} 1/2-1/2

[Event "World Chess Olympiad 2018"]
[Site "Batumi"]
[Date "2018.10.03"]
[Round "9"]
[Board "1"]
[WhiteFideId "4402669"]
[White "Gallego Alcaraz Andres Felipe"]
[BlackFideId "937614"]
[Black "Roganovic Milos"]
[Result "1/2-1/2"]
[LiveChessVersion "1.4.8"]
[BlackElo "2527"]
[WhiteElo "2511"]

1. d4 {[%clk 1:30:57]} Nf6 {[%clk 1:30:53]} 2. c4 {[%clk 1:31:19]} e6
{[%clk 1:31:17]} 3. Nf3 {[%clk 1:31:42]} d5 {[%clk 1:31:14]} 4. g3
{[%clk 1:32:04]} Be7 {[%clk 1:31:27]} 5. Bg2 {[%clk 1:32:27]} O-O
{[%clk 1:31:46]} 6. O-O {[%clk 1:32:50]} dxc4 {[%clk 1:32:08]} 7. Qc2
{[%clk 1:33:04]} a6 {[%clk 1:30:54]} 8. a4 {[%clk 1:33:17]} Bd7 {[%clk 1:30:44]}
9. Qxc4 {[%clk 1:33:28]} Bc6 {[%clk 1:30:27]} 10. Bf4 {[%clk 1:33:05]} Bd6
{[%clk 1:29:17]} 11. Bg5 {[%clk 1:26:15]} Nbd7 {[%clk 1:27:01]} 12. Nc3
{[%clk 1:22:56]} h6 {[%clk 1:25:12]} 13. Bxf6 {[%clk 1:19:54]} Nxf6
{[%clk 1:25:07]} 14. Rfe1 {[%clk 1:18:01]} Bd5 {[%clk 1:18:12]} 15. Qd3
{[%clk 1:14:55]} Bxf3 {[%clk 1:16:42]} 16. Bxf3 {[%clk 1:02:20]} c6
{[%clk 1:16:14]} 17. Red1 {[%clk 0:53:55]} Qa5 {[%clk 1:08:36]} 18. Nb1
{[%clk 0:49:13]} e5 {[%clk 0:50:10]} 19. Nd2 {[%clk 0:48:38]} Qb4
{[%clk 0:48:50]} 20. dxe5 {[%clk 0:44:37]} Bxe5 {[%clk 0:49:02]} 21. Nc4
{[%clk 0:44:06]} Bc7 {[%clk 0:45:33]} 22. Qc3 {[%clk 0:42:38]} Qxc3
{[%clk 0:41:33]} 23. bxc3 {[%clk 0:43:01]} Rfd8 {[%clk 0:41:40]} 24. Rdb1
{[%clk 0:40:30]} Rab8 {[%clk 0:41:41]} 25. a5 {[%clk 0:35:06]} Nd7
{[%clk 0:41:47]} 26. Ra4 {[%clk 0:31:49]} Nc5 {[%clk 0:40:19]} 27. Rab4
{[%clk 0:32:05]} Kf8 {[%clk 0:38:52]} 28. Kg2 {[%clk 0:28:50]} Ke7
{[%clk 0:37:02]} 29. h4 {[%clk 0:26:04]} g5 {[%clk 0:31:47]} 30. hxg5
{[%clk 0:19:21]} hxg5 {[%clk 0:32:11]} 31. Bg4 {[%clk 0:13:30]} Rf8
{[%clk 0:30:40]} 32. Bf5 {[%clk 0:11:50]} Kf6 {[%clk 0:30:46]} 33. Bc2
{[%clk 0:11:44]} Rfe8 {[%clk 0:29:52]} 34. e3 {[%clk 0:07:11]} Be5
{[%clk 0:23:32]} 35. Nb6 {[%clk 0:05:55]} Bc7 {[%clk 0:23:18]} 36. Nc4
{[%clk 0:04:41]} Be5 {[%clk 0:23:45]} 37. Nb6 {[%clk 0:04:41]} Bc7
{[%clk 0:24:11]} 38. Rd4 {[%clk 0:03:47]} Red8 {[%clk 0:20:52]} 39. Nc4
{[%clk 0:03:37]} Ne6 {[%clk 0:18:19]} 40. Rxd8 {[%clk 0:30:58]} Bxd8
{[%clk 0:47:43]} 41. f4 {[%clk 0:27:28]} gxf4 {[%clk 0:46:17]} 42. gxf4
{[%clk 0:27:24]} Bc7 {[%clk 0:44:04]} 43. Kf3 {[%clk 0:27:13]} Nc5
{[%clk 0:43:01]} 44. Rh1 {[%clk 0:25:45]} Ne6 {[%clk 0:41:05]} 45. Rh6+
{[%clk 0:24:13]} Kg7 {[%clk 0:40:46]} 46. Rh7+ {[%clk 0:24:34]} Kf6
{[%clk 0:40:59]} 47. Nd2 {[%clk 0:16:05]} Nc5 {[%clk 0:38:38]} 48. Rh5
{[%clk 0:15:44]} Rd8 {[%clk 0:38:49]} 49. Ke2 {[%clk 0:13:51]} Rd5
{[%clk 0:38:55]} 50. Rh6+ {[%clk 0:08:09]} Kg7 {[%clk 0:38:47]} 51. Rh7+
{[%clk 0:08:26]} Kg8 {[%clk 0:38:43]} 52. Nc4 {[%clk 0:08:18]} Na4
{[%clk 0:38:07]} 53. Rh1 {[%clk 0:07:22]} Nxc3+ {[%clk 0:36:39]} 54. Kf3
{[%clk 0:07:20]} Rc5 {[%clk 0:34:06]} 55. Bd3 {[%clk 0:06:32]} Rd5
{[%clk 0:31:33]} 56. Bc2 {[%clk 0:06:06]} Rc5 {[%clk 0:30:38]} 57. Bd3
{[%clk 0:06:30]} Rd5 {[%clk 0:30:14]} 1/2-1/2